000 00424nam a2200133Ia 4500
008 100328s9999 xx 000 0 und d
082 _b72631
100 _aमुजावर बशीर.
245 _aनो मॅन्स लँड (No Mans Land)
260 _bपायल.
630 _aनो मॅन्स लँड (No Mans Land)
730 _aनो मॅन्स लँड (No Mans Land)
942 _cBOOK
999 _c558352
_d558349